Arithmetic of quadratic forms

Zapisane w:
Opis bibliograficzny
1. autor: Kitaoka, Yoshiyuki (Autor)
Format: Książka
Język:angielski
Wydane: Cambridge Cambridge University 1999
Seria:Cambridge Tracts in Mathematics, 106
Hasła przedmiotowe:
Etykiety: Dodaj etykietę
Nie ma etykietki, Dołącz pierwszą etykiete!

MARC

LEADER 00000nam a2200000 a 4500
001 UCO4708
003 CL-VaPUC
008 000811e19990000uk |||||||||||||||||eng|d
082 0 4 |a 513.0212  |b KIT  |2 21 
100 0 |a Kitaoka, Yoshiyuki  |e author  |9 449349 
245 1 0 |a Arithmetic of quadratic forms 
300 |a 270 p 
942 |c BK 
945 |d 20000811 00:00:00  |a vberengu 
260 |a Cambridge  |b Cambridge University  |c 1999 
650 0 |a Aritmética   |9 270049 
650 7 |a FORMAS CUADRATICAS  |2 CL-VaPUC  |9 270195 
583 |a last modification  |c 20130806 03:54:57  |k Rodrigo Vera 
490 0 |a Cambridge Tracts in Mathematics, 106 
999 |c 290712  |d 290710 
952 |0 0  |1 0  |4 0  |6 513_021200000000000_KIT_1999  |7 0  |8 A  |9 340269  |a BIBMAT  |b BIBMAT  |d 2019-11-20  |i 3643662  |o 513.0212 KIT 1999  |p 3643662  |r 2025-01-07  |w 2019-11-20  |y BK  |k MAT